000 00788cam a22002295a 4500
001 L154309
008 111111e20111104xxk 000 0 eng d
035 _a(Sirsi) u154309
041 0 _aeng
100 1 _aChoat, Rupert
245 0 0 _aSomething old, something new
260 _c2011
490 _aBuilding
_v276 (8702) 4 November 2011, 45(1)
520 _aDiscusses how to work out when the new Construction Act applies.
590 _aKA
650 2 4 _aLOCAL DEMOCRACY, ECONOMIC DEVELOPMENT AND CONSTRUCTION ACT 2009
650 2 4 _aHOUSING GRANTS, CONSTRUCTION AND REGENERATION ACT 1996
651 4 _aUnited Kingdom
_y
690 _aBUILT ENVIRONMENT-BUILDING CONTRACT FORMS
690 _aBUILT ENVIRONMENT-CONSTRUCTION MANAGEMENT-BUILDING CONTRACT ADMINISTRATION
942 _n0
999 _c83568
_d83568